000
00230nam a2200097Ia 4500
008
170619s9999 xx 000 0 und d
100
_a
Singh V P
245
2
_a
A T B of Kinetics of machines
260
_b
Dhanpat Rai Pub.
260
_c
2002
546
_a
ENGLISH
999
_c
16638
_d
16638